[Event "International Tournament"]
[Site "Pool "]
[Date "2022.07.08"]
[Round "1.65"]
[White "Tsaknakis, Zisis"]
[Black "Aditya, Varun Gampa"]
[Result "1/2-1/2"]
[WhiteElo "2266"]
[BlackElo "1980"]
[PlyCount "101"]
[EventDate "2022.07.08"]

1. Nf3 d5 2. g3 Nc6 3. d4 Bf5 4. Bg2 e6 5. O-O Nb4 6. Na3 h6 7. c4 Nf6 8. Ne5
c6 9. Bd2 dxc4 10. Naxc4 Nbd5 11. Qb3 Qc8 12. f3 Nb6 13. e4 Nxc4 14. Qxc4 Bh7
15. Bb4 Bxb4 16. Qxb4 Qc7 17. Nc4 O-O-O 18. Rfd1 Kb8 19. Rac1 Rhe8 20. a4 g5
21. e5 Nd5 22. Qa3 Rd7 23. a5 a6 24. Nd6 Red8 25. Ne4 Bxe4 26. fxe4 Ne7 27. Qc5
g4 28. Rc4 Ng6 29. Rdc1 Ka8 30. Rb4 Qb8 31. Bf1 Qa7 32. Rb6 Ne7 33. Rc4 Nc8 34.
Ra4 h5 35. Be2 Ne7 36. Kf2 Nc8 37. Ke3 h4 38. gxh4 Ne7 39. h5 Rh8 40. Bxg4 Qb8
41. Rab4 Qg8 42. Rxb7 Rxb7 43. Rxb7 Qg5+ 44. Kf3 Kxb7 45. Qb6+ Kc8 46. Qxa6+
Kd8 47. Qb6+ Kd7 48. Qb7+ Kd8 49. Qb6+ Kd7 50. Qb7+ Kd8 51. Qb6+ 1/2-1/2

[Event "International Tournament"]
[Site "Pool "]
[Date "2022.07.08"]
[Round "1.66"]
[White "Doraszelski, Alexander"]
[Black "Ibadov, Dashgyn"]
[Result "0-1"]
[WhiteElo "1946"]
[BlackElo "2262"]
[PlyCount "138"]
[EventDate "2022.07.08"]

1. e4 c5 2. Nc3 d6 3. d4 cxd4 4. Qxd4 Nc6 5. Qd2 g6 6. b3 Bh6 7. f4 Nf6 8. Bb2
O-O 9. O-O-O a5 10. a3 a4 11. b4 Be6 12. Kb1 Ne5 13. Nd5 Bxd5 14. exd5 Rc8 15.
Qd4 Ned7 16. g3 Bg7 17. Bh3 b5 18. Bf1 Qc7 19. Rd2 Qb7 20. Nf3 Nh5 21. Qd3 Bxb2
22. Kxb2 Rc4 23. Nd4 Nb6 24. Nxb5 Nf6 25. h4 Qa6 26. Nc3 Rfc8 27. h5 Qb7 28.
Na2 Nbxd5 29. Bg2 e6 30. hxg6 hxg6 31. g4 Qb5 32. Qh3 Kf8 33. Qh6+ Ke7 34. Bxd5
Nxd5 35. Qg5+ Kd7 36. Rh7 Rxf4 37. Qxg6 Ne7 38. Rxf7 Qe5+ 39. c3 Rxf7 40. Qxf7
Rc4 41. Qf2 Nc8 42. Qf3 d5 43. Re2 Re4 44. Nc1 Nd6 45. Rc2 Nc4+ 46. Ka2 Rf4 47.
Qg3 Re4 48. Qh3 Re3 49. Qh7+ Kc6 50. Nd3 Qe4 51. Qxe4 dxe4 52. Nc5 Rg3 53. Nxe4
Rxg4 54. Nc5 e5 55. Nxa4 e4 56. Kb3 e3 57. Re2 Kd5 58. Nc5 Rf4 59. Nd3 Rf1 60.
Re1 Rf8 61. a4 Nd2+ 62. Kc2 Ke4 63. Nc5+ Kf3 64. Ne6 Rf6 65. Nd4+ Ke4 66. a5
Rf2 67. Ne2 Nf3 68. Rh1 Rxe2+ 69. Kd1 Rd2+ 0-1

[Event "International Tournament"]
[Site "Pool "]
[Date "2022.07.08"]
[Round "1.67"]
[White "Sredojevic, Ivan"]
[Black "Zheng, Harry Z"]
[Result "1-0"]
[WhiteElo "2254"]
[BlackElo "1946"]
[PlyCount "101"]
[EventDate "2022.07.08"]

1. e4 e5 2. Nf3 Nc6 3. Bb5 a6 4. Ba4 Nf6 5. O-O Be7 6. Re1 b5 7. Bb3 d6 8. c3
O-O 9. h3 Na5 10. Bc2 c5 11. d4 Qc7 12. Nbd2 cxd4 13. cxd4 Nc6 14. d5 Nb4 15.
Bb1 a5 16. Nf1 Bd7 17. Be3 Rfc8 18. Re2 g6 19. Ng3 Bf8 20. Bd2 Na6 21. Bg5 Bg7
22. Qd2 Nc5 23. Bc2 b4 24. Rc1 Qb7 25. Ree1 Rc7 26. Bb1 Rac8 27. Be3 a4 28. Rc4
Na6 29. Rxc7 Rxc7 30. Rc1 Bb5 31. Rxc7 Qxc7 32. Bd3 Bxd3 33. Qxd3 Qb7 34. Qc2
a3 35. bxa3 bxa3 36. Bc1 Nd7 37. Bxa3 Ndc5 38. Nd2 h5 39. Nc4 Bf8 40. Nf1 Qb5
41. Nfd2 f6 42. Nb3 Qa4 43. f3 h4 44. Kf1 Kg7 45. Bxc5 Nxc5 46. Ne3 Be7 47.
Nxc5 Qxc2 48. Ne6+ Kf7 49. Nxc2 f5 50. a4 fxe4 51. a5 1-0

[Event "International Tournament"]
[Site "Pool "]
[Date "2022.07.08"]
[Round "1.69"]
[White "Baasansuren, Erdene"]
[Black "Randjelovic, Nenad"]
[Result "1-0"]
[WhiteElo "2243"]
[BlackElo "1925"]
[PlyCount "79"]
[EventDate "2022.07.08"]

1. d4 Nf6 2. c4 g6 3. Nc3 Bg7 4. e4 d6 5. Nf3 O-O 6. Be2 e5 7. O-O Nc6 8. d5
Ne7 9. b4 a5 10. Ba3 b6 11. bxa5 Rxa5 12. Bb4 Ra8 13. a4 Ne8 14. Qb3 c6 15.
dxc6 Nxc6 16. Rfd1 Nd4 17. Nxd4 exd4 18. Nb5 d3 19. Qxd3 Bxa1 20. Rxa1 Bd7 21.
Bc3 Bxb5 22. cxb5 Qg5 23. Qd4 Qe5 24. Qxe5 dxe5 25. Bxe5 f6 26. Bc4+ Kg7 27.
Bd5 Rc8 28. Bd4 Nd6 29. Bxb6 Nc4 30. Bd4 Rfd8 31. f3 Nd2 32. a5 Nb3 33. Bxb3
Rxd4 34. a6 Rb4 35. Bd5 Rc2 36. f4 Rd4 37. Bc6 Rdd2 38. e5 fxe5 39. a7 e4 40.
Bxe4 1-0

[Event "International Tournament"]
[Site "Pool "]
[Date "2022.07.08"]
[Round "1.71"]
[White "Cilek, Bora"]
[Black "Temizer, Umut"]
[Result "1-0"]
[WhiteElo "2238"]
[BlackElo "1921"]
[PlyCount "149"]
[EventDate "2022.07.08"]

1. Nf3 d5 2. g3 Nf6 3. Bg2 Bf5 4. c4 c6 5. Qb3 Qb6 6. d3 e6 7. Be3 Qc7 8. O-O
Nbd7 9. cxd5 exd5 10. Nc3 Nc5 11. Qc2 Ne6 12. Nd4 Bg6 13. Rac1 Bd6 14. Kh1 Qe7
15. h3 O-O 16. Nb3 Nh5 17. Nd4 Nc7 18. Qd2 f5 19. Bg5 Qd7 20. e3 Rae8 21. Nce2
h6 22. Bf4 Nxf4 23. gxf4 Bh7 24. Rg1 Qe7 25. Nf3 Ne6 26. Qc3 g5 27. Bf1 Bg6 28.
Ne5 Rf6 29. fxg5 hxg5 30. f4 Kh7 31. d4 g4 32. hxg4 fxg4 33. Rxg4 Be4+ 34. Bg2
Rh6+ 35. Kg1 Rg8 36. Rxg8 Kxg8 37. Ng3 Qh4 38. Nxe4 dxe4 39. Rc2 Qg3 40. Kf1
Rf6 41. Qe1 Qg7 42. Bxe4 Kf8 43. Rg2 Qc7 44. Kg1 Bxe5 45. dxe5 Rf7 46. Qb4+ c5
47. Qc4 Re7 48. f5 b5 49. Qd5 Qa5 50. Rd2 Nd4 51. f6 Qxd2 52. fxe7+ Kxe7 53.
Qd6+ Kf7 54. Qg6+ Ke7 55. exd4 Qxd4+ 56. Kf1 Qc4+ 57. Kg2 Qe2+ 58. Kg3 Qe3+ 59.
Kh4 Qf4+ 60. Kh5 Qh2+ 61. Kg4 Qg1+ 62. Kf4 Qc1+ 63. Kf5 Qf1+ 64. Kg5 Qg1+ 65.
Kh6 Qh2+ 66. Qh5 Qxb2 67. Qg5+ Kd7 68. Qg7+ Kd8 69. Qf6+ Kc7 70. Qd6+ Kc8 71.
Qxc5+ Kb8 72. Qd6+ Kc8 73. Kg6 Qf2 74. Qc6+ Kd8 75. Qf6+ 1-0

[Event "International Tournament"]
[Site "Pool "]
[Date "2022.07.08"]
[Round "1.72"]
[White "Zhdanov, Petr"]
[Black "Konyves, Almos"]
[Result "0-1"]
[WhiteElo "1919"]
[BlackElo "2229"]
[PlyCount "46"]
[EventDate "2022.07.08"]

1. e4 e5 2. Nf3 Nc6 3. d4 exd4 4. Nxd4 Nf6 5. Nxc6 bxc6 6. e5 Qe7 7. Qe2 Nd5 8.
h4 h5 9. c4 Ba6 10. b3 g6 11. Bb2 Bg7 12. Nd2 Nf4 13. Qe4 Ne6 14. O-O-O O-O-O
15. f4 f5 16. Qe3 Rhe8 17. g3 Qb4 18. Bg2 Bf8 19. a3 Qb6 20. Rhe1 Bc5 21. Qc3
Bb7 22. Nf1 Be7 23. Ne3 a5 0-1

[Event "International Tournament"]
[Site "Pool "]
[Date "2022.07.08"]
[Round "1.73"]
[White "Mitev, Valentin"]
[Black "Nikolakis, Panagiotis Marios"]
[Result "1-0"]
[WhiteElo "2228"]
[BlackElo "1905"]
[PlyCount "75"]
[EventDate "2022.07.08"]

1. d4 Nf6 2. c4 e6 3. Nc3 Bb4 4. e3 O-O 5. Bd3 d5 6. a3 Bxc3+ 7. bxc3 dxc4 8.
Bxc4 c5 9. Bb2 Qc7 10. Be2 b6 11. Nf3 Ba6 12. c4 cxd4 13. exd4 Nbd7 14. Rc1
Rac8 15. O-O Rfd8 16. Qb3 Qb8 17. Rfd1 Ne4 18. Bd3 Nd6 19. a4 Bb7 20. Nd2 e5
21. Bb1 exd4 22. Bxd4 Re8 23. Qh3 Nf8 24. Qg3 Ng6 25. Bxg6 hxg6 26. Be5 Rxe5
27. Qxe5 Re8 28. Qg3 Ne4 29. Nxe4 Bxe4 30. Qxb8 Rxb8 31. Rd7 a6 32. Rd6 a5 33.
Rcd1 Kh7 34. Rd8 Rxd8 35. Rxd8 Bc6 36. Rd6 Bxa4 37. Rxb6 Bc2 38. c5 1-0

[Event "International Tournament"]
[Site "Pool "]
[Date "2022.07.08"]
[Round "1.74"]
[White "Georgoulias, Dionisios"]
[Black "Toncheva, Nadya"]
[Result "1/2-1/2"]
[WhiteElo "1904"]
[BlackElo "2228"]
[PlyCount "116"]
[EventDate "2022.07.08"]

1. Nf3 c5 2. c4 g6 3. d4 cxd4 4. Nxd4 Bg7 5. e4 Nc6 6. Be3 Nf6 7. Nc3 O-O 8.
Be2 d6 9. O-O Bd7 10. Qd2 Nxd4 11. Bxd4 Bc6 12. Rfe1 a5 13. Rad1 Nd7 14. Bxg7
Kxg7 15. Bg4 Ne5 16. Qd4 Kg8 17. Bh3 g5 18. Re3 g4 19. Bxg4 Nxg4 20. Rg3 Qc8
21. h3 f6 22. hxg4 Qe6 23. Nd5 Bxd5 24. cxd5 Qe5 25. Qxe5 fxe5 26. Rc3 Rfc8 27.
Rdc1 Rxc3 28. Rxc3 Kf7 29. Rc7 Rb8 30. Kf1 Ke8 31. Ke2 Kd8 32. Rc3 Kd7 33. Rh3
Rg8 34. Rxh7 Rxg4 35. Kf3 Rf4+ 36. Ke3 Rg4 37. g3 Rg8 38. Rh2 Rg7 39. Rg2 e6
40. f4 exd5 41. exd5 exf4+ 42. Kxf4 Rf7+ 43. Kg5 Rg7+ 44. Kf5 Ke7 45. g4 Rf7+
46. Kg6 Rf6+ 47. Kg5 Kf7 48. Rc2 Rg6+ 49. Kh5 Rg8 50. g5 Rh8+ 51. Kg4 Re8 52.
Rc7+ Kg6 53. Rd7 Re4+ 54. Kf3 Rb4 55. Rxd6+ Kxg5 56. b3 Kf5 57. Ke3 Ke5 58. Rd7
a4 1/2-1/2

[Event "International Tournament"]
[Site "Pool "]
[Date "2022.07.08"]
[Round "1.75"]
[White "Durak, Can"]
[Black "Teo, Hong Ming"]
[Result "1-0"]
[WhiteElo "2221"]
[BlackElo "1898"]
[PlyCount "77"]
[EventDate "2022.07.08"]

1. d4 d5 2. c4 e6 3. Nc3 c6 4. e3 Nf6 5. Nf3 Nbd7 6. Qc2 Bd6 7. Be2 O-O 8. O-O
dxc4 9. Bxc4 b5 10. Bd3 Bb7 11. Rd1 Qc7 12. h3 b4 13. Ne4 Nxe4 14. Bxe4 Nf6 15.
Bd3 c5 16. dxc5 Bxc5 17. e4 Bb6 18. Qe2 h6 19. Bd2 Qe7 20. e5 Nh7 21. Be4 a5
22. Bxb7 Qxb7 23. Rac1 Rfd8 24. Be3 Bxe3 25. Qxe3 Rd5 26. Rxd5 Qxd5 27. b3 Nf8
28. Rc5 Qd1+ 29. Kh2 a4 30. Rc4 axb3 31. axb3 Rd8 32. Rxb4 Rd3 33. Qe1 Qc2 34.
Qe4 Qc3 35. Rb8 Rxf3 36. Qxf3 Qxe5+ 37. Qg3 Qc5 38. b4 Qe7 39. b5 1-0

[Event "International Tournament"]
[Site "Pool "]
[Date "2022.07.08"]
[Round "1.76"]
[White "Tenuunbold, Battulga"]
[Black "Chitlange, Sakshi"]
[Result "1-0"]
[WhiteElo "1893"]
[BlackElo "2216"]
[PlyCount "93"]
[EventDate "2022.07.08"]

1. d4 d5 2. c4 e6 3. Nf3 Nf6 4. g3 Bb4+ 5. Bd2 Be7 6. Bg2 O-O 7. Qc2 Nbd7 8.
O-O c6 9. Rd1 b6 10. b3 Ba6 11. Bc1 Rc8 12. Nbd2 c5 13. Bb2 cxd4 14. Nxd4 b5
15. e4 bxc4 16. exd5 cxb3 17. Qb1 Nxd5 18. Bxd5 exd5 19. axb3 Qb6 20. Qa2 Nb8
21. Nf5 Bf6 22. Nf3 Rcd8 23. Bd4 Qe6 24. Ne3 Rfe8 25. Rd2 Rd7 26. Rad1 Red8 27.
Qa1 Bxd4 28. Qxd4 Nc6 29. Qa4 Bb7 30. Nd4 Nxd4 31. Rxd4 Bc6 32. Qa6 h6 33. Qd3
Rb8 34. Nf5 Rdb7 35. Rg4 g6 36. Nxh6+ Kg7 37. Qc3+ f6 38. Re1 Rxb3 39. Rxe6
Rxc3 40. Nf5+ Kf7 41. Re7+ Kf8 42. Rxg6 Rb1+ 43. Kg2 d4+ 44. Kh3 Rb7 45. Rxf6+
Kg8 46. Nh6+ Kh8 47. Rf8# 1-0

[Event "International Tournament"]
[Site "Pool "]
[Date "2022.07.08"]
[Round "1.77"]
[White "Gavrilov, Maxim"]
[Black "Anirudh, Daga"]
[Result "0-1"]
[WhiteElo "2216"]
[BlackElo "1878"]
[PlyCount "84"]
[EventDate "2022.07.08"]

1. d4 Nf6 2. c4 g6 3. Nf3 Bg7 4. g3 O-O 5. Bg2 d6 6. O-O a6 7. Nc3 Nc6 8. e3
Rb8 9. Qe2 b5 10. Rd1 Bb7 11. e4 b4 12. Nd5 Nd7 13. b3 e6 14. Ne3 e5 15. Bb2
exd4 16. Nxd4 Nxd4 17. Bxd4 Qe7 18. a3 Bxd4 19. Rxd4 bxa3 20. Rxa3 d5 21. Qb2
c5 22. Nxd5 Bxd5 23. Rxd5 Nb6 24. Re5 Qd6 25. Qa1 f6 26. Rd5 Nxd5 27. cxd5 Rb6
28. f4 c4 29. bxc4 Qc5+ 30. Kf1 Rfb8 31. Qc3 Rb1+ 32. Ke2 R8b2+ 33. Kf3 Rf2+
34. Kg4 Qc8+ 35. Kh4 Rxg2 36. h3 Rh1 37. f5 g5+ 38. Kg4 h5+ 39. Kf3 Rhg1 40.
Qxf6 Rxg3+ 41. Kf2 Qc5+ 42. Ke2 R1g2+ 0-1

[Event "International Tournament"]
[Site "Pool "]
[Date "2022.07.08"]
[Round "1.78"]
[White "Zhorayev, Almas"]
[Black "Saurabh, Anand"]
[Result "0-1"]
[WhiteElo "1873"]
[BlackElo "2215"]
[PlyCount "82"]
[EventDate "2022.07.08"]

1. e4 c5 2. Nf3 d6 3. Bb5+ Nd7 4. Ba4 Ngf6 5. O-O e6 6. Re1 a6 7. c4 Qc7 8. Nc3
Be7 9. d3 O-O 10. Bf4 Ne5 11. Rc1 Rd8 12. h3 Bd7 13. Bxd7 Nfxd7 14. a4 Qb6 15.
Rb1 Bf6 16. Nh2 Ng6 17. Be3 Nde5 18. Qd2 Qa5 19. Red1 Nc6 20. Bg5 Bxc3 21. Qxc3
f6 22. Qxa5 Nxa5 23. Be3 Nb3 24. d4 cxd4 25. Bxd4 Rdc8 26. Bb6 Rc6 27. a5 Ne5
28. Ng4 Nxc4 29. Rd3 Ncxa5 30. Be3 h5 31. Nh2 Nc5 32. Bxc5 dxc5 33. Rd7 Rac8
34. Nf3 R6c7 35. Rd6 Nc4 36. Rd3 Kf7 37. b3 Na3 38. Rbd1 c4 39. bxc4 Nxc4 40.
Rc1 b5 41. Rb1 Ke7 0-1

[Event "International Tournament"]
[Site "Pool "]
[Date "2022.07.08"]
[Round "1.79"]
[White "Kecskemeti, Arpad"]
[Black "Aditya, Chatterjee"]
[Result "1/2-1/2"]
[WhiteElo "2210"]
[BlackElo "1848"]
[PlyCount "54"]
[EventDate "2022.07.08"]

1. e4 e6 2. d4 d5 3. Nc3 dxe4 4. Nxe4 Bd7 5. Bd3 Bc6 6. Nf3 Nd7 7. Qe2 Ngf6 8.
O-O Nxe4 9. Bxe4 Bxe4 10. Qxe4 c6 11. Bg5 Be7 12. Bxe7 Qxe7 13. Rfe1 Nf6 14.
Qe2 O-O 15. Rad1 Rfd8 16. c3 Rac8 17. Ne5 c5 18. dxc5 Rxc5 19. Rxd8+ Qxd8 20.
Rd1 Rd5 21. Rxd5 Qxd5 22. Qc4 Qd1+ 23. Qf1 Qd5 24. Qc4 Qd1+ 25. Qf1 Qd5 26. Qc4
Qd1+ 27. Qf1 Qd5 1/2-1/2

[Event "International Tournament"]
[Site "Pool "]
[Date "2022.07.08"]
[Round "1.80"]
[White "Tamhankar, Siddhant"]
[Black "Triantos, Konstantinos"]
[Result "0-1"]
[WhiteElo "1811"]
[BlackElo "2210"]
[PlyCount "76"]
[EventDate "2022.07.08"]

1. e4 c5 2. Nf3 d6 3. Bb5+ Bd7 4. Bxd7+ Qxd7 5. O-O Nf6 6. Qe2 Nc6 7. Rd1 Rc8
8. Na3 e6 9. d4 cxd4 10. Nxd4 Be7 11. Bg5 O-O 12. c4 Nxd4 13. Rxd4 Qc6 14. Rad1
Rfd8 15. Nb5 Qc5 16. Be3 Qb4 17. Nxa7 Ra8 18. c5 Qxc5 19. Ra4 Qe5 20. f4 Qh5
21. Qxh5 Nxh5 22. Bb6 Rd7 23. e5 g6 24. g4 Ng7 25. exd6 Rxd6 26. Rxd6 Bxd6 27.
Rd4 Ne8 28. Nb5 Be7 29. Rd7 Kf8 30. Nc3 Nf6 31. Rxb7 Nxg4 32. a4 Bd6 33. h3 Nf6
34. Bd4 Nd5 35. Nxd5 exd5 36. Ra7 Rb8 37. a5 Rb4 38. Bf6 Bc5+ 0-1